Регионална библиотека "Любен Каравелов" - Русе

География и икономика VІІ клас (Запис номер 20306)

MARC детайли
000 -Лидер
Контролно поле с фиксирана дължина 02111nam a2200421 c 4500
003 - Код на организацията, давaща контролен номер
Контролно поле BLK
005 - Дата и час на последна редакция
Контролно поле 20180422095140.0
008 - Елементи от данни с фиксирана дължина
fixed length control field 180413b bul|||||r ||||||| ||bul||
010 ## - Наследен системен номер
LC control number KNG00022523000
020 ## - Международен стандартен номер на книга ISBN
Международен стандартен номер на книга ISBN 978-954-18-0734-7
-- издат.: Булвест 2000
040 ## - Източник на каталожния запис
Идентификатор на билиотеката - собственик на записа BLK
041 ## - Код за език
Код за езика на текст/звукозапис или на отделно заглавие Български
Код за езика КДБФ Български
072 #7 - Код за тематичната категория
Код организация bullib
Код за тематична категория Н372
Текст Учебни предмети. Учебници Н
080 ## - УДК
Текстов определител УДК География в основното училище. Методика на обучението по география
УДК код - определител по УДК 372.891
УДК определител (079)(075.2)
УДК - код + определител 372.891(079)(075.2)
080 ## - УДК
Текстов определител УДК Стопанска география - учебни предмети
УДК код - определител по УДК 372.833.8:91
УДК определител (079)(075.2)
УДК - код + определител 372.833.8:91(079)(075.2)
100 1# - Редна дума - Автор
Автор Пенин, Румен Любенов
Авторска отговорност първи автор
R(LIN) 365082
139 ## - Редно поле
Редна дума Пенин, Румен Любенов и др.
Авторски знак Пен - П 34
245 10 - Сведения за заглавието
Заглавие География и икономика VІІ клас
Подзаглавни данни Подготовка за външно оценяване : Тестови задачи
Редно поле (дума) Румен Любенов Пенин; съавт. Валентина Миланова Стоянова.
257 ## - Страна на издаване
Страна на създаване/издаване България
260 ## - Област на издателските данни
-- София
Име на издателя, разпространителя и проч. Булвест 2000
Година на издаване 2010
Печатница София : Вулкан
300 ## - Физическа характеристика
Страници 28 с.
Размери/Мащаб 26 см
380 ## - Жанр
Жанр Обществени науки
500 ## - Общи забележки
Забележка В библиогр. каре загл. : География и икономика за VII клас.
650 #4 - Допълнително описание по предмет – тема
Основно описание – тема или топоним География - тестове - учебници за основни училища
9 (RLIN) 263601
650 #4 - Допълнително описание по предмет – тема
Основно описание – тема или топоним Стопанска география - учебници за основни училища
9 (RLIN) 264610
653 ## - Ключова дума – ненормативна
Ключова дума география
653 ## - Ключова дума – ненормативна
Ключова дума стопанска география
653 ## - Ключова дума – ненормативна
Ключова дума тестове
653 ## - Ключова дума – ненормативна
Ключова дума учебници за основни училища
653 ## - Ключова дума – ненормативна
Ключова дума VІІ кл.
659 ## - Тематичен бюлетин
Тематичен бюлетин Н
700 1# - Други автори (авторска отговорност)
Лично име Стоянова, Валентина Миланова
Автороска отговорност (Описва отношението между автора и произведението) съавт.
9 (RLIN) 264609
852 ## - Местоположение
Форматна сигнатура Цб ІІ 16670
856 4# - Електронен адрес и достъп
Електронен формат pdf - файл
Път до файла /url/
856 4# - Електронен адрес и достъп
Електронен формат pdf - файл
Път до файла /url/
942 ## - АРТИКУЛИ
Вид на библиотечния материал Книги
Скрит в OPAC Не
944 ## - СЪЗДАВАНЕ И РЕДАКЦИЯ на ЗАПИСА
Създаване/Редакция Създаване
Дата на регистрацията/редакция 28.03.2011
Статус, дата на статуса ф /
Служител, извършил регистрацията/редакцията Виолета_Тройчева
944 ## - СЪЗДАВАНЕ И РЕДАКЦИЯ на ЗАПИСА
Създаване/Редакция Редакция
Дата на регистрацията/редакция 27.03.2014
Статус, дата на статуса ф /
Служител, извършил регистрацията/редакцията
999 ## - СИСТЕМНИ КОНТРОЛНИ НОМЕРА
Koha biblionumber 20306
Koha biblioitemnumber 20306
Наличности
Код за отписване Код за изгубен артикул Код за повреда Коз за рестрикции Код за отдаване Артикулен № Име на библиотеката - собственик Име на библиотеката, в която се намира в момента Статус (Текущо местоположение) Дата на вписване в системата Местоположение - отдел Цена в лева Инвентарен номер Систематично азбучна сигнатура Баркод Номер на екземпляра Цена в евро Служебна бележка Служебен тип на артикула Източник на класификационната схема
  Не е изгубен Не е повреден без рестрикции ползва се в читалня 33713 Регионална библиотека "Любен Каравелов" Русе Регионална библиотека "Любен Каравелов" Русе Хранилище 2011-03-23 Хранилище 3.50 120000750073 Цб ІІ 16670 120000750073 1 1.79 Дост: Dp Вид: Д N: 28 Дата: 14.07.2010 Книги  
  Не е изгубен Не е повреден без рестрикции заемане за дома 33714 Регионална библиотека "Любен Каравелов" Русе Регионална библиотека "Любен Каравелов" Русе Детски отдел 2011-12-14 Детски отдел 3.50 120000755125 ДН 373.3.016:9/П 34 Р 120000755125 2 1.79 Дост: DA Вид: А N: 24 Дата: 14.12.2011 Дата инв: 24.08.2015 Бележки инв: Д2015 Книги Universal Decimal Classification
Vip Innovations Ltd, Rousse, Bulgaria 2025